Benchmarking digital government strategies in MENA countries

Gespeichert in:
Bibliographische Detailangaben
Format: Buch
Sprache:Englisch
Veröffentlicht: Paris OECD 2017
Schriftenreihe:OECD digital government studies
Schlagworte:
Tags: Tag hinzufügen
Keine Tags, Fügen Sie das erste Tag hinzu!

MARC

LEADER 00000nam a2200000 4500
001 0231068
005 20240314122730.1
020 |a 978-92-64-26800-5 
041 0 |a eng 
044 |a FR 
245 1 0 |a Benchmarking digital government strategies in MENA countries 
264 1 |a Paris  |b OECD  |c 2017 
300 |a 127 s. 
490 1 |a OECD digital government studies 
830 0 |a OECD digital government studies 
610 2 0 |a sektor verejný 
610 2 0 |a digitalizácia 
610 2 0 |a technológie informačné 
610 2 0 |a technológie komunikačné 
610 2 0 |a správa verejná elektronická 
610 2 0 |a služby obyvateľstvu 
610 2 0 |a transparentnosť 
610 2 0 |a politika verejná 
610 2 0 |a bezpečnosť elektronická 
610 2 0 |a MENA